| 000 | 00461nam a2200193Ia 4500 | ||
|---|---|---|---|
| 008 | 170918s9999 xx 000 0 und d | ||
| 020 | _a9780439785099 | ||
| 050 | _bJ528 1998 | ||
| 100 | _aJenkins, Steve | ||
| 245 | _aHottest coldest highest deepest / | ||
| 245 | _cSteve Jenkins. | ||
| 260 | _aNew York : | ||
| 260 | _bScholastic, | ||
| 260 | _c1998 | ||
| 300 | _aunpaged : | ||
| 300 | _bcolored illustration ; | ||
| 300 | _c21cm. | ||
| 500 | _a920 | ||
| 999 |
_c342198 _d342198 |
||